<?xml version="1.0" encoding="UTF-8"?>
<record
    xmlns:xsi="http://www.w3.org/2001/XMLSchema-instance"
    xsi:schemaLocation="http://www.loc.gov/MARC21/slim http://www.loc.gov/standards/marcxml/schema/MARC21slim.xsd"
    xmlns="http://www.loc.gov/MARC21/slim">

  <leader>     nam a22     7a 4500</leader>
  <datafield tag="999" ind1=" " ind2=" ">
    <subfield code="c">52077</subfield>
    <subfield code="d">52077</subfield>
  </datafield>
  <controlfield tag="003">OSt</controlfield>
  <controlfield tag="005">20220607160132.0</controlfield>
  <controlfield tag="008">220604b        xxu||||| |||| 00| 0 eng d</controlfield>
  <datafield tag="040" ind1=" " ind2=" ">
    <subfield code="c">IIMT UNIVERSITY MEERUT</subfield>
  </datafield>
  <datafield tag="100" ind1=" " ind2=" ">
    <subfield code="a">KUMAR , SHRINIDHI</subfield>
  </datafield>
  <datafield tag="245" ind1=" " ind2=" ">
    <subfield code="a">TEXT BOOK OF KAUMARABHRITYA VOL-2</subfield>
  </datafield>
  <datafield tag="250" ind1=" " ind2=" ">
    <subfield code="a">1  ST</subfield>
  </datafield>
  <datafield tag="260" ind1=" " ind2=" ">
    <subfield code="a">VARANASI</subfield>
    <subfield code="b">CHAUKHAMBHA</subfield>
    <subfield code="c">2017</subfield>
  </datafield>
  <datafield tag="300" ind1=" " ind2=" ">
    <subfield code="a">1192</subfield>
  </datafield>
  <datafield tag="942" ind1=" " ind2=" ">
    <subfield code="2">ddc</subfield>
    <subfield code="c">01</subfield>
  </datafield>
  <datafield tag="952" ind1=" " ind2=" ">
    <subfield code="0">0</subfield>
    <subfield code="1">0</subfield>
    <subfield code="2">ddc</subfield>
    <subfield code="4">0</subfield>
    <subfield code="7">0</subfield>
    <subfield code="a">30</subfield>
    <subfield code="b">30</subfield>
    <subfield code="d">2022-05-14</subfield>
    <subfield code="e">ARISTA</subfield>
    <subfield code="f">AYURVEDA</subfield>
    <subfield code="g">495.00</subfield>
    <subfield code="i">HO/IN/19</subfield>
    <subfield code="l">0</subfield>
    <subfield code="o">615.538 KUM</subfield>
    <subfield code="p">30-B-3570</subfield>
    <subfield code="r">2022-06-04</subfield>
    <subfield code="w">2022-06-04</subfield>
    <subfield code="y">01</subfield>
  </datafield>
  <datafield tag="952" ind1=" " ind2=" ">
    <subfield code="0">0</subfield>
    <subfield code="1">0</subfield>
    <subfield code="2">ddc</subfield>
    <subfield code="4">0</subfield>
    <subfield code="7">0</subfield>
    <subfield code="a">30</subfield>
    <subfield code="b">30</subfield>
    <subfield code="d">2022-05-14</subfield>
    <subfield code="e">ARISTA</subfield>
    <subfield code="f">AYURVEDA</subfield>
    <subfield code="g">495.00</subfield>
    <subfield code="i">HO/IN/19</subfield>
    <subfield code="l">0</subfield>
    <subfield code="o">615.538 KUM</subfield>
    <subfield code="p">30-B-3571</subfield>
    <subfield code="r">2022-06-04</subfield>
    <subfield code="w">2022-06-04</subfield>
    <subfield code="y">01</subfield>
  </datafield>
  <datafield tag="952" ind1=" " ind2=" ">
    <subfield code="0">0</subfield>
    <subfield code="1">0</subfield>
    <subfield code="2">ddc</subfield>
    <subfield code="4">0</subfield>
    <subfield code="7">0</subfield>
    <subfield code="a">30</subfield>
    <subfield code="b">30</subfield>
    <subfield code="d">2022-05-14</subfield>
    <subfield code="e">ARISTA</subfield>
    <subfield code="f">AYURVEDA</subfield>
    <subfield code="g">495.00</subfield>
    <subfield code="i">HO/IN/19</subfield>
    <subfield code="l">2</subfield>
    <subfield code="o">615.538 KUM</subfield>
    <subfield code="p">30-B-3572</subfield>
    <subfield code="r">2022-12-29</subfield>
    <subfield code="s">2022-08-31</subfield>
    <subfield code="w">2022-06-04</subfield>
    <subfield code="y">01</subfield>
  </datafield>
  <datafield tag="952" ind1=" " ind2=" ">
    <subfield code="0">0</subfield>
    <subfield code="1">0</subfield>
    <subfield code="2">ddc</subfield>
    <subfield code="4">0</subfield>
    <subfield code="7">0</subfield>
    <subfield code="a">30</subfield>
    <subfield code="b">30</subfield>
    <subfield code="d">2022-05-14</subfield>
    <subfield code="e">ARISTA</subfield>
    <subfield code="f">AYURVEDA</subfield>
    <subfield code="g">495.00</subfield>
    <subfield code="i">HO/IN/19</subfield>
    <subfield code="l">0</subfield>
    <subfield code="o">615.538 KUM</subfield>
    <subfield code="p">30-B-3573</subfield>
    <subfield code="r">2022-06-04</subfield>
    <subfield code="w">2022-06-04</subfield>
    <subfield code="y">01</subfield>
  </datafield>
  <datafield tag="952" ind1=" " ind2=" ">
    <subfield code="0">0</subfield>
    <subfield code="1">0</subfield>
    <subfield code="2">ddc</subfield>
    <subfield code="4">0</subfield>
    <subfield code="7">0</subfield>
    <subfield code="a">30</subfield>
    <subfield code="b">30</subfield>
    <subfield code="d">2022-05-14</subfield>
    <subfield code="e">ARISTA</subfield>
    <subfield code="f">AYURVEDA</subfield>
    <subfield code="g">495.00</subfield>
    <subfield code="i">HO/IN/19</subfield>
    <subfield code="l">0</subfield>
    <subfield code="o">615.538 KUM</subfield>
    <subfield code="p">30-B-3574</subfield>
    <subfield code="r">2022-06-04</subfield>
    <subfield code="w">2022-06-04</subfield>
    <subfield code="y">01</subfield>
  </datafield>
</record>
